[Event "Taastrup"]
[Site "Taastrup"]
[Date "1990.??.??"]
[Round "7"]
[White "Hansen, Lars Bo"]
[Black "Farago, Ivan"]
[Result "1-0"]
[WhiteElo "2460"]
[BlackElo "2475"]
[Annotator "Ftacnik,L"]
[PlyCount "61"]
[EventDate "1990.02.??"]
[EventType "tourn"]
[EventRounds "9"]
[EventCountry "DEN"]
[EventCategory "9"]
[SourceTitle "CBM 020"]
[Source "ChessBase"]
[SourceDate "1991.02.01"]
[SourceVersion "1"]
[SourceVersionDate "1991.02.01"]
[SourceQuality "1"]

1. d4 e6 2. c4 Nf6 3. Nc3 Bb4 4. Qc2 O-O 5. a3 Bxc3+ 6. Qxc3 b6 7. Bg5 Ba6 8.
Nf3 {N} (8. e3 d5 9. Nf3 Nbd7 10. cxd5 Bxf1 11. Rxf1 exd5 12. Ne5 $1 $14 {
Bareev-Farago,I/Roma/1990/ ->CBM 18}) 8... c5 9. dxc5 bxc5 10. e3 Nc6 $6 (10...
d6 11. Rd1 Qe7 12. Be2 Nbd7) 11. Bd3 Qa5 12. Bxf6 gxf6 13. b4 $1 cxb4 14. Qxf6
bxa3+ $6 (14... b3+ $5 15. Ke2 Qc5) 15. Ke2 Qc5 $8 16. Rhc1 Qe7 17. Qxe7 Nxe7
18. Rxa3 Bb7 19. Rb1 Bxf3+ (19... Bc6 20. Ne5 $16) 20. gxf3 Nc6 21. Be4 Rab8
22. Rb5 $1 Rb6 23. f4 Rfb8 24. Bxc6 dxc6 25. Rg5+ Kf8 26. Rxa7 Rb2+ 27. Kf3 Rc2
$6 28. Rc5 Rb4 29. f5 $1 Rbxc4 30. f6 Ke8 31. Rg5 {Ftacnik,L} 1-0

[Event "St Petersburg"]
[Site "St Petersburg"]
[Date "1992.??.??"]
[Round "?"]
[White "Ionov, Sergey"]
[Black "Lerner, Konstantin Z"]
[Result "1-0"]
[WhiteElo "2500"]
[BlackElo "2515"]
[Annotator "Ftacnik,L"]
[PlyCount "149"]
[EventDate "1992.??.??"]
[EventType "tourn"]
[EventRounds "11"]
[EventCountry "RUS"]
[EventCategory "10"]
[SourceTitle "CBM 030"]
[Source "ChessBase"]
[SourceDate "1992.10.01"]
[SourceVersion "1"]
[SourceVersionDate "1992.10.01"]
[SourceQuality "1"]

1. d4 Nf6 2. c4 e6 3. Nc3 Bb4 4. Qc2 O-O 5. a3 Bxc3+ 6. Qxc3 b6 7. Bg5 Bb7 8.
f3 h6 9. Bh4 d5 10. e3 Nbd7 11. cxd5 exd5 12. Bd3 Qe7 13. Ne2 c5 14. Bf2 Rac8 (
14... a5 15. O-O Ba6 16. Ng3 cxd4 17. exd4 Rfc8 18. Qd2 Bxd3 19. Qxd3 g6 $10 {
Barbero,G-Summermatter,D/Bern/1991/}) (14... Rfc8 15. O-O cxd4 16. Qxd4 Nc5 17.
Rad1 Nxd3 18. Qxd3 a5 19. Rfe1 Ba6 20. Qd4 Bxe2 21. Rxe2 Rc6 22. Be1 Re8 23.
Bc3 $14 {Wiedenkeller,M-Aaberg,A/SVE-ch/1991/}) 15. O-O cxd4 16. Qxd4 Nc5 17.
Rad1 Nxd3 18. Qxd3 Nd7 $6 (18... Rfd8 $14) 19. Nc3 Qe6 (19... Rc5 $2 20. e4 $16
) 20. Nxd5 Nc5 21. Qf5 $1 (21. Qc4 b5 22. Qd4 Nb3 23. Qd3 Nc5 24. Qd2 (24. Nf4
$2 Nxd3 25. Nxe6 Nxf2 26. Nxf8 Nxd1 $19) 24... Nb3) 21... Qxf5 22. Ne7+ Kh7 23.
Nxf5 Ba6 24. Rfe1 Nd3 25. Re2 g6 (25... Nc1 26. Red2 Nb3 (26... Ne2+ 27. Kh1 {
x Ne2}) 27. Rd7 $16) 26. Nd4 Ne5 27. Red2 Rfd8 (27... Nc4 28. Rc2 Rfe8 29. e4
$16) 28. h3 Rd7 29. Nc2 $5 Rxd2 (29... Rxc2 30. Rxd7 Nxd7 31. Rxd7 Kg8 32. b4
Ra2 33. Rxa7 $18) 30. Rxd2 Nd3 31. Nb4 Nxb4 32. axb4 $16 Bb5 33. e4 Kg8 34. Bd4
Rd8 (34... Rc1+ 35. Kf2 Rf1+ 36. Ke3 Re1+ 37. Kf4 $16) 35. Kf2 h5 36. h4 Kf8
37. Ke3 (37. Bg7+ Ke8 38. Rc2 Kd7 39. Be5 $16) 37... Ke8 38. Rc2 Kd7 39. Be5
Rc8 40. Rd2+ Ke7 41. Bc3 Rc6 42. Rd1 Rd6 43. Bd4 Rc6 44. Ra1 a6 45. Bc3 Rc8 46.
Kf4 f6 (46... Ke6 47. Kg5 Bd3 48. Re1 Bb5 49. f4 $16) 47. Rd1 Ke6 48. Rd2 Be8
49. Ke3 Bb5 50. Rf2 Rd8 51. Bd4 Rd6 52. Rc2 Rc6 53. Rd2 (53. Rxc6+ Bxc6 54.
Bxb6 Bb5 $16) 53... Ba4 54. Bc3 Rc8 55. g4 hxg4 56. fxg4 Rf8 (56... Rh8 57. g5
Rxh4 58. gxf6 Bc6 59. e5 $18) 57. Bd4 Rf7 58. Rg2 (58. Bxb6 $16) 58... Bd1 59.
Rg1 Ba4 60. Bxb6 Rh7 61. Rh1 Bc6 62. Rh2 Re7 63. Bc5 Re8 64. Rf2 Kd7 65. Rd2+
Kc8 66. Rd4 f5 67. gxf5 gxf5 68. h5 fxe4 (68... Bxe4 69. Kf4 $18) 69. h6 Re5
70. Rd6 Kb7 71. Rf6 Bd5 72. Rb6+ Kc7 73. Bd6+ $1 Kxb6 74. Bxe5 Bg8 75. Kxe4 {
Ftacnik,L} 1-0

[Event "Reykjavik Summit"]
[Site "Reykjavik"]
[Date "1990.??.??"]
[Round "?"]
[White "Polugaevsky, Lev"]
[Black "Dzindzichashvili, Roman"]
[Result "1/2-1/2"]
[WhiteElo "2610"]
[BlackElo "2545"]
[Annotator "Ftacnik,L"]
[PlyCount "52"]
[EventDate "1990.03.??"]
[EventType "team"]
[EventRounds "6"]
[EventCountry "ISL"]
[SourceTitle "CBM 018"]
[Source "ChessBase"]
[SourceDate "1990.10.01"]
[SourceVersion "1"]
[SourceVersionDate "1990.10.01"]
[SourceQuality "1"]

1. d4 Nf6 2. c4 e6 3. Nc3 Bb4 4. Qc2 O-O 5. a3 Bxc3+ 6. Qxc3 b5 7. cxb5 c6 8.
bxc6 (8. Bg5 cxb5 9. e3 Bb7 10. Nf3 h6 11. Bxf6 (11. Bh4 a6 12. Bd3 Nc6 13. O-O
Na5 14. Bxf6 gxf6 15. e4 Kg7 $10 {Thorsteins,K-Adorjan,A/Akureyri/1988/ ->CBM
08}) 11... Qxf6 12. Rc1 Na6 13. Bxb5 Rac8 14. Qd2 Qg6 $10 {Olafsson,H-Seirawan,
Y/Reykjavik Summit/1990/ ->CBM 18}) 8... Nxc6 9. b4 (9. Bg5 $5) 9... Ba6 $5 {N}
(9... Bb7 10. Nf3 Rc8 11. Qb2 Ne7 12. e3 Be4 13. Bd2 Qb6 14. Ne5 Rc2 15. Qb3
Rfc8 {Kouatly-Stangl/Augsburg/1988-89/} 16. Nc4 $1 Qc6 17. f3 Bxf3 18. gxf3
Qxf3 19. Qxc2 Qxh1 20. Qd3 $16 {(Kouatly)}) 10. Bg5 (10. e3 Bxf1 11. Kxf1 Rc8
$44) 10... h6 11. Bxf6 Qxf6 12. Nf3 Rac8 13. Qb2 (13. e3 Na5 14. Qb2 Bxf1 15.
Kxf1 Nc4 $44) 13... Rc7 14. e3 (14. b5 $2 Bxb5 $1 15. Qxb5 Nxd4 16. Nxd4 Qxd4
17. Rd1 Qc3+ 18. Rd2 Qa1+ 19. Rd1 Rc1 20. Qb3 Rfc8) 14... Bxf1 15. Kxf1 Rfc8
16. Ke2 (16. Rc1 Qg6) 16... Na5 17. Rhc1 Nc4 18. Qc3 (18. Qb3 e5 $132) 18... e5
$1 (18... Na5 19. Qxc7 $16) 19. Qd3 (19. dxe5 Nxe5 (19... Qa6 20. Qd3) 20. Qb2
$1 (20. Qd2 Qa6+ $1) 20... Rxc1 21. Rxc1 Rxc1 22. Qxc1 Qa6+ 23. Kd2 Nc4+ 24.
Ke1 Nxa3 $10) 19... d6 (19... Nb2 20. Rxc7 Rxc7 21. dxe5) 20. Nd2 (20. dxe5
dxe5 {/\ Rd8}) (20. d5 Nb2 21. Rxc7 Rxc7 22. Qd2 Qg6) 20... Nxd2 21. Qxd2 exd4
22. exd4 (22. Rxc7 Rxc7 23. exd4 Qh4 24. h3 Qe4+ 25. Kf1 Rc2 $36) 22... Rxc1
23. Rxc1 Rxc1 24. Qxc1 Qxd4 25. Qc8+ Kh7 26. Qf5+ Kg8 {Ftacnik,L} 1/2-1/2

[Event "Barcelona"]
[Site "Barcelona"]
[Date "1990.??.??"]
[Round "2"]
[White "Bass, Leonid"]
[Black "Ochoa de Echaguen, Francisco Javier"]
[Result "1-0"]
[WhiteElo "2480"]
[BlackElo "2400"]
[Annotator "Ftacnik,L"]
[PlyCount "50"]
[EventDate "1990.09.??"]
[EventType "tourn"]
[EventRounds "9"]
[EventCountry "ESP"]
[EventCategory "10"]
[SourceTitle "CBM 021"]
[Source "ChessBase"]
[SourceDate "1991.04.01"]
[SourceVersion "1"]
[SourceVersionDate "1991.04.01"]
[SourceQuality "1"]

1. d4 Nf6 2. c4 e6 3. Nc3 Bb4 4. Qc2 O-O 5. a3 Bxc3+ 6. Qxc3 b6 7. Bg5 Bb7 8.
Nh3 h6 9. Bh4 Re8 10. e3 c5 11. dxc5 bxc5 12. f3 Nc6 13. O-O-O (13. Rd1 Ne4 $1
14. Bxd8 Nxc3 15. Rxd7 Bc8 16. Rd6 Rxd8 17. Rxd8+ (17. Rxc6 Rd1+ 18. Kf2 Rd2+)
17... Nxd8 18. bxc3 Rb8 $132) 13... Ne4 $6 (13... e5 $5 14. Nf2 (14. Bxf6 Qxf6
15. Rxd7 Bc8 $13) 14... g5 15. Bg3 d6 16. h4 $14) 14. Qe1 $1 (14. Bxd8 Nxc3 15.
Rxd7 Bc8 16. Rd6 Nxd8 17. bxc3 Rb8 $132) 14... Nf6 (14... g5 15. Bg3 Nxg3 16.
hxg3 $40) 15. Nf2 (15. Bxf6 Qxf6 16. Rxd7 Rab8 $132) 15... Ne5 16. Qc3 Nd5 (
16... d6 17. Bxf6 gxf6 18. f4 Ng6 19. Ng4 $16) 17. Rxd5 (17. Bxd8 Nxc3 18. bxc3
Rexd8 $15) 17... Qxh4 18. Rd2 (18. Rxe5 Qxf2 19. Rxc5 Rac8 $132) (18. g3 Qf6
19. Rxe5 Qxf3 20. Qd2 d6 $1) 18... d6 19. f4 Nc6 20. g3 Qe7 21. Bg2 d5 $6 (
21... Red8 22. Rhd1 Rd7 23. Ne4 Rad8 $14) 22. cxd5 exd5 23. Bxd5 Qxe3 24. Qxe3
Rxe3 25. Kb1 Rb8 1-0

[Event "Karditsa"]
[Site "Karditsa"]
[Date "1994.??.??"]
[Round "?"]
[White "Mozetic, Dejan"]
[Black "Kalesis, Nikolaos"]
[Result "1-0"]
[WhiteElo "2585"]
[BlackElo "2415"]
[Annotator "Ftacnik,L"]
[PlyCount "77"]
[EventDate "1994.03.??"]
[EventType "tourn"]
[EventRounds "11"]
[EventCountry "GRE"]
[EventCategory "10"]
[SourceTitle "CBM 043"]
[Source "ChessBase"]
[SourceDate "1994.12.01"]
[SourceVersion "1"]
[SourceVersionDate "1994.12.01"]
[SourceQuality "1"]

1. d4 Nf6 2. c4 e6 3. Nc3 Bb4 4. Qc2 O-O 5. a3 Bxc3+ 6. Qxc3 b6 7. Bg5 Bb7 8.
e3 d6 9. f3 Nbd7 10. Nh3 h6 11. Bh4 Rc8 12. Nf2 $5 c5 13. Ng4 Qc7 $6 (13... d5
$142 $1) 14. Nxf6+ (14. dxc5 $6 Nxg4 $1 15. cxd6 (15. cxb6 Nxb6 16. fxg4 Nxc4
17. Rc1 Qb6 $1 18. Bxc4 d5 $36) 15... Qxd6 16. Rd1 (16. fxg4 Be4 {/\ Qc6})
16... Qc6 17. fxg4 $13) 14... Nxf6 15. dxc5 (15. d5 Nh7 (15... Qe7)) (15. Bxf6
gxf6 16. d5 Qe7) 15... Qxc5 16. b4 $1 Qe5 17. Qxe5 dxe5 18. Be2 $36 Ba6 (18...
Rfd8 19. Kf2 Rd2 $6 20. Bxf6 gxf6 21. Rhd1 Rxd1 22. Rxd1 $16) 19. b5 $8 (19.
Rc1 Rc6 $1 20. Kf2 Rfc8 {><c4}) 19... Bb7 20. Rd1 (20. Bxf6 $5 gxf6 21. a4) (
20. a4 $142 $1 Nd7 (20... a5 21. Rd1 $1 $16 {><b6}) 21. a5 g5 (21... Nc5 22.
axb6 axb6 23. Be7 Ra8 (23... Rfe8 24. Bd6 f6 25. Kf2 $5 (25. Ra7 Ra8 $1 (25...
Ba8 $2 26. Kf2 $18))) 24. Rd1 Rfe8 (24... Rfc8 25. Kf2 $16 {|^}) 25. Bd6 e4 (
25... f6 26. Kf2 $16) 26. Kf2 exf3 27. gxf3 $16) 22. Bg3 f6 23. O-O $16 {
/\ Be1-b4|^}) 20... Rc7 $6 (20... Rfd8 $142 $1 21. Bxf6 (21. Kf2 g5 22. Bg3 Nd7
23. Rd6 Kf8 24. Rhd1 Ke7 {/\ f6, Nc5}) 21... gxf6 (21... Rxd1+ 22. Kxd1 gxf6
23. Kc2 {/\ a4-a5+/=|^}) 22. Kf2 $14 {|^}) 21. Kf2 (21. O-O $142) 21... g5 22.
Bg3 Nd7 23. Rd6 $1 $16 f5 24. Rhd1 Rf7 25. Kg1 Re7 26. a4 $1 {><b6} f4 $5 27.
Bf2 (27. exf4 exf4 {/\ Ne5}) 27... e4 $5 (27... Nc5 28. exf4 exf4 29. a5 bxa5
$8 30. Ra1) 28. exf4 gxf4 29. a5 $1 (29. fxe4 Bxe4 {/\ Rg7<=>}) 29... Rg7 30.
Kf1 $1 e3 (30... exf3 31. gxf3 {><b6, e6}) 31. Be1 {/\ Re6} e5 32. a6 $1 Ba8 $2
(32... Bc8 33. Bc3 $5 $18 (33. Rxh6 $18)) 33. c5 $1 $18 bxc5 (33... Kh7 34. c6
$18) 34. Ba5 Nb6 35. Bxb6 axb6 36. Rd8+ Kf7 37. Bc4+ Ke7 38. Rxa8 e4 39. fxe4
1-0

[Event "Interzonal-15"]
[Site "Manila"]
[Date "1990.??.??"]
[Round "1"]
[White "Petursson, Margeir"]
[Black "Salov, Valery"]
[Result "0-1"]
[WhiteElo "2550"]
[BlackElo "2655"]
[Annotator "Ftacnik,L"]
[PlyCount "98"]
[EventDate "1990.06.29"]
[EventType "swiss"]
[EventRounds "13"]
[EventCountry "PHI"]
[SourceTitle "CBM 019"]
[Source "ChessBase"]
[SourceDate "1990.12.01"]
[SourceVersion "1"]
[SourceVersionDate "1990.12.01"]
[SourceQuality "1"]

1. d4 Nf6 2. c4 e6 3. Nc3 Bb4 4. Qc2 O-O 5. a3 Bxc3+ 6. Qxc3 d6 7. Bg5 Nbd7 8.
e3 b6 9. Nh3 {N} (9. Bd3 Bb7 10. f3 c5 11. Ne2 Rc8 12. O-O h6 13. Bh4 d5 $10 {
Sigurjonsson-Karpov,An/Munchen/1979/}) 9... Bb7 10. f3 Rc8 11. Bd3 h6 12. Bh4
c5 13. O-O cxd4 14. Qxd4 Qe7 15. Be2 e5 $5 (15... Ba6 16. Rac1 d5 17. b3 e5 $36
) 16. Qd2 g5 17. Bg3 Nc5 18. Rad1 Rfd8 (18... Rcd8 $5) 19. e4 Ne6 20. Bf2 Nh5
21. Rfe1 Kh7 22. Bf1 Rd7 23. Be3 Rg8 24. Nf2 Nhf4 25. Ng4 $1 Rdd8 26. Bf2 h5
27. Ne3 Nd4 28. Kh1 (28. Nd5 $2 Bxd5 29. cxd5 Nh3+ $17) 28... h4 29. Nd5 Bxd5
30. exd5 $2 (30. cxd5 $1 h3 31. g3 Nxf3 32. Qc3 Nxe1 33. gxf4 g4 34. Rxe1 exf4
35. Bxh3 $1 $16) 30... Nf5 31. Bd3 Qf6 32. Be4 Kh8 33. Qc2 Nh6 34. Be3 g4 35.
Qd2 Rg5 (35... gxf3 36. Bxf4 Rxg2 37. Bxh6 Rxd2 38. Bxd2 f2 39. Rf1 h3 40. Be3
$13) 36. fxg4 $2 (36. Bxf4 Qxf4 37. Qxf4 exf4 38. Bb1 h3 $1 $132) 36... Nxg4
37. Bxf4 Qxf4 38. Qxf4 exf4 39. Rd2 Re8 40. Rde2 h3 $1 41. gxh3 (41. Bf3 Ne5
42. gxh3 Reg8) 41... f3 42. hxg4 (42. Bxf3 $2 Nf2+ 43. Rxf2 Rxe1+) 42... fxe2
43. Bf5 Re5 $1 44. b4 Rg8 45. c5 bxc5 46. bxc5 Rxd5 47. Rxe2 dxc5 48. Re7 Rd2
49. Kg1 Rb8 {Ftacnik,L} 0-1

[Event "Kecskemet"]
[Site "Kecskemet"]
[Date "1990.??.??"]
[Round "9"]
[White "Videki, Sandor"]
[Black "Arkhipov, Sergey"]
[Result "0-1"]
[WhiteElo "2440"]
[BlackElo "2440"]
[Annotator "Ftacnik,L"]
[PlyCount "42"]
[EventDate "1990.06.??"]
[EventType "tourn"]
[EventRounds "13"]
[EventCountry "HUN"]
[EventCategory "8"]
[SourceTitle "CBM 020"]
[Source "ChessBase"]
[SourceDate "1991.02.01"]
[SourceVersion "1"]
[SourceVersionDate "1991.02.01"]
[SourceQuality "1"]

1. d4 Nf6 2. c4 e6 3. Nc3 Bb4 4. Qc2 O-O 5. a3 Bxc3+ 6. Qxc3 b6 7. Bg5 Bb7 8.
f3 d6 9. e4 c5 10. d5 Nbd7 11. Nh3 exd5 {N} (11... h6 12. Bf4 exd5 13. cxd5 Re8
14. O-O-O Ne5 15. g4 Bc8 16. Kb1 Nxf3 17. Qxf3 Bxg4 {Hjartarson-Timman/
Belgrade/1989/ ->CBM 16}) 12. cxd5 Re8 13. O-O-O c4 $1 14. Kb1 (14. Bxc4 $2 Rc8
$19) (14. Bd2 a5 $1 (14... b5 15. Qa5) 15. Kb1 b5) 14... b5 15. g4 a5 16. Bf4
Ne5 17. Be2 Ba6 18. g5 (18. Bd2 b4 19. axb4 axb4 20. Qxb4 Rb8 $40) 18... Nfd7
19. Bd2 Nc5 $1 20. Nf2 (20. Qxa5 Qxa5 21. Bxa5 Bc8 $19) 20... b4 21. Qe3 (21.
axb4 axb4 22. Qxb4 c3 23. Bxa6 Rxa6 24. Qxc3 Qa8 $19) 21... c3 {Ftacnik,L} (
21... c3 22. Bc1 Nc4 23. Bxc4 (23. Qd4 Nb3 24. Qd3 Nxa3+ $19) 23... Bxc4 $19)
0-1

[Event "Nordic zt"]
[Site "Ostersund"]
[Date "1992.??.??"]
[Round "6"]
[White "Yrjola, Jouni"]
[Black "Gausel, Einar"]
[Result "1/2-1/2"]
[WhiteElo "2460"]
[BlackElo "2485"]
[Annotator "Ftacnik,L"]
[PlyCount "109"]
[EventDate "1992.??.??"]
[EventType "swiss"]
[EventRounds "9"]
[EventCountry "NOR"]
[SourceTitle "CBM 031"]
[Source "ChessBase"]
[SourceDate "1992.12.01"]
[SourceVersion "1"]
[SourceVersionDate "1992.12.01"]
[SourceQuality "1"]

1. d4 Nf6 2. c4 e6 3. Nc3 Bb4 4. Qc2 O-O 5. a3 Bxc3+ 6. Qxc3 b6 7. Bg5 c5 8.
dxc5 bxc5 9. e3 Bb7 10. f3 Nc6 (10... h6 11. Bh4 Nc6 12. O-O-O Rc8 13. Bxf6
gxf6 14. Kb1 d5 $6 15. cxd5 exd5 16. Qxc5 Ne5 17. Qd4 Qc7 18. Nh3 $16 {
Hjartarson,J-Speelman,J/Reykjavik/1991/}) 11. Nh3 h6 (11... d5 12. Bxf6 gxf6
13. cxd5 exd5 14. Qxc5 Re8 15. O-O-O Rc8 16. Kb1 Re5 17. f4 Na5 18. Qxa7 Re4
19. Bd3 Ra8 20. Qc5 Rc8 $10 {Silman,J-Browne,W/Philadelphia op/1991/}) 12. Bh4
Rc8 13. O-O-O Ne4 (13... d5 14. Bxf6 gxf6 15. cxd5 exd5 16. Kb1 Qd6 17. Nf4 d4
18. Qe1 Qe5 19. Qg3+ Qg5 {Hjartarson,J-Salov,V/Amsterdam/1989/} 20. exd4 Nxd4
21. Nh3 Qxg3 22. hxg3 Nxf3 23. gxf3 Bxf3 24. Bc4 Bxd1 25. Rxd1 Rcd8 26. Rf1 $14
) 14. Qe1 $1 (14. Bxd8 Nxc3 15. Rxd7 Rfxd8 16. Rxd8+ (16. Rxb7 Nd1 17. e4 Ne3
$17) 16... Rxd8 17. bxc3 Ne5 $17) 14... g5 15. Bg3 Nxg3 16. hxg3 Qa5 (16... Qe7
17. Nf2 Kg7 18. Qc3+ $16) 17. Qxa5 Nxa5 18. Nf2 Kg7 (18... d5 19. cxd5 Bxd5 20.
Rxh6 c4 21. e4 $16) 19. Rxd7 Rfd8 20. Rxd8 (20. Rd3 Ba6 $132) 20... Rxd8 21.
Kc2 (21. b4 $2 cxb4 22. axb4 Nxc4 23. Bxc4 Rc8 $15) 21... Ba6 22. Kc3 (22. b3
Rb8) 22... f5 $6 (22... Rb8 23. Nd3 $140 Rb3+ 24. Kc2 Bxc4 25. Nxc5 Rxe3) 23.
Bd3 (23. Nd3 $5 Bxc4 24. Nxc5 Rc8 25. b4 Bxf1 26. Rxf1 Nb7 27. Kc4 $16) 23...
Rb8 24. b4 (24. Rb1 Rb3+ 25. Kc2 Kf6 $14) 24... cxb4+ 25. axb4 Nxc4 $1 26. Ra1
Bb5 27. Rxa7+ Kf6 28. Bxc4 Rc8 29. Nd3 Bxc4 30. Nc5 Bf1 31. Rh7 (31. Ra2 h5 32.
Rf2 Bb5 $14) 31... Bxg2 32. Rxh6+ Kg7 33. Rxe6 Bxf3 34. Rd6 Kf7 35. Kd4 (35.
Kc4 Be2+ 36. Kd4 Rb8 $132) 35... Rb8 36. Ke5 (36. Na6 Rb5 37. Kc4 Be2+) (36.
Nd3 Be2 37. Kc5 Rc8+ 38. Kb6 Rb8+ 39. Kc7 Rb5 $10) 36... Rxb4 37. Rf6+ Ke7 38.
Rxf5 g4 39. Rh5 $14 Kf7 40. Rh7+ Kg6 41. Ra7 Rb5 42. Rc7 Rb4 43. e4 Rc4 44. Kd5
Rb4 45. Ra7 Bh1 46. Ra6+ Kf7 47. Ke5 Rc4 48. Ra5 Kg6 49. Kf4 Bf3 50. Ke3 Rc1
51. Nd3 (51. e5 Kf5 52. Nd3 Rc4 $10) 51... Rc3 52. Kd4 Rb3 53. Rf5 Bxe4 $1 54.
Kxe4 Rxd3 55. Kxd3 {Ftacnik,L} 1/2-1/2

[Event "Bundesliga 0405"]
[Site "Germany"]
[Date "2005.02.12"]
[Round "10.8"]
[White "Loeffler, Stefan"]
[Black "Van den Doel, Erik"]
[Result "0-1"]
[WhiteElo "2432"]
[BlackElo "2560"]
[Annotator "Ftacnik,L"]
[PlyCount "104"]
[EventDate "2004.11.12"]
[EventType "team-tourn"]
[EventRounds "15"]
[EventCountry "GER"]
[SourceTitle "CBM 106"]
[Source "ChessBase"]
[SourceDate "2005.06.06"]
[SourceVersion "1"]
[SourceVersionDate "2005.06.06"]
[SourceQuality "1"]
[WhiteTeam "Kreuzberg"]
[BlackTeam "Porz"]
[WhiteTeamCountry "GER"]
[BlackTeamCountry "GER"]

1. Nf3 Nf6 2. c4 e6 3. d4 b6 4. Nc3 Bb4 5. Bg5 Bb7 6. Qc2 c5 7. dxc5 bxc5 8. a3
Bxc3+ 9. Qxc3 O-O 10. e3 d6 11. Rd1 Nbd7 $5 $146 {[%mdl 8] Van den Doel comes
up with a shocking novelty, the pawn d6 is left unprotected as white pieces
are somewhat exposed.} (11... a5 12. Bd3 Nbd7 (12... h6 13. Bh4 Ra6 14. O-O
Nbd7 15. Nd2 Ba8 16. Qc1 Qb6 17. Bg3 Qb7 18. f3 Rb6 19. Nb1 d5 20. Rf2 d4 {
0-1 Rivera,A-Alvarez,J/Cuba 1995/ (40)}) 13. Bc2 Qb6 14. b3 Rfe8 15. O-O Ne4
16. Bxe4 Bxe4 17. Nd2 Bg6 18. e4 a4 19. Rb1 d5 {0-1 Galarza Docampo,K-Adla,D/
Lalin 1994/ (32)}) (11... Qe7 12. Be2 (12. Bd3 Nbd7 13. O-O Rfd8 14. Qc2 h6 15.
Bh4 Rab8 16. Nd2 Ne5 17. Be2 Ng6 18. Bg3 Bc6 19. b3 Qb7 20. f3 Nh5 {1/2-1/2
Malaniuk,V-Lerner,K/Donetsk 1998/ (61)}) 12... a5 (12... Nbd7 13. O-O d5 14.
Ne5 Qd6 15. Bf4 Qb6 16. Nxd7 Nxd7 17. Bf3 e5 18. Bxe5 Nxe5 19. Qxe5 dxc4 20.
Rd6 Qb5 21. Be2 {1-0 Van Wely,L-Finkelshteyn,F/Newark 1995/ (41)}) 13. O-O Nbd7
14. a4 Ra6 15. Nd2 Qd8 16. b3 Qb6 17. Qc2 Rb8 18. Rb1 Bc6 19. Rfc1 Qb7 20. Bf3
Bxf3 21. Nxf3 Qe4 {0-1 Sospedra Sebastian,J-Oms Pallise,J/Mislata 1996/ (55)})
12. Rxd6 Qc7 13. Bxf6 (13. Bf4 e5 (13... Bxf3 $6 14. gxf3 e5 15. Rxf6 Rfe8 16.
Rf5 exf4 17. Be2 $14) 14. Rxd7 (14. Bxe5 Nxe5 15. Qxe5 Bxf3 16. gxf3 Rad8 $19)
14... Nxd7 15. Nxe5 Rfe8 $13) (13. Rd1 Ne4 14. Qc1 (14. Qd3 Qa5+ 15. Ke2 Nxg5
16. Qxd7 Bxf3+ 17. gxf3 Rab8 $17) 14... Qa5+ 15. b4 cxb4 16. Be7 bxa3+ 17. Nd2
Ndc5 $17) 13... Nxf6 (13... Qxd6 14. Bxg7 Rfe8 15. Be5 Nxe5 16. Nxe5 Rad8 17.
Be2 f6 18. Ng4 Rf8 $13) 14. Rd3 Ne4 15. Qe5 (15. Qc2 Rfd8 (15... Qa5+ 16. Nd2
Rfd8 17. f3 $14) 16. Rxd8+ Rxd8 17. Bd3 Qa5+ 18. Ke2 Nf6 19. Rd1 Qc7 20. h3 Kh8
$11) 15... Qa5+ 16. b4 $5 {Loeffler decides to soldier on despite the risk
involved. Black would have to accept equality after the modest 16.Nd2.} (16.
Nd2 Nxd2 17. Rxd2 Rfd8 18. Qc3 Qxc3 19. bxc3 Rxd2 20. Kxd2 Rd8+ 21. Kc1 Bc6 $11
) 16... Qa4 17. Qb2 cxb4 18. Qxb4 (18. axb4 a5 19. b5 Qxc4 $15) 18... Qc2 19.
Be2 (19. Qxb7 $2 Qxf2+ 20. Kd1 Rab8 $19) 19... Rac8 20. Nd4 (20. Qxb7 Nc5 21.
Qxc8 Nxd3+ 22. Bxd3 Qc3+ $19) 20... Qc1+ 21. Rd1 (21. Bd1 Rxc4 22. Ne2 (22.
Qxb7 Nc5 $19) 22... Rxb4 23. Nxc1 Rb1 24. Ne2 Nc5 25. Rd6 Bxg2 $17) 21... Qc3+
22. Kf1 {Once again white decides to be brave and try for more than cosmetic
advantage with passed c pawn in the endgame.} (22. Qxc3 Nxc3 23. Rc1 Bxg2 24.
Rg1 Nxe2 25. Kxe2 Bc6 26. Rgd1 $14) 22... Ba6 23. f3 (23. Qxc3 Nxc3 24. Rc1
Nxe2 25. Kxe2 Bxc4+ 26. Kf3 Rc5 $11) 23... Rb8 24. Nb5 (24. Qxc3 Nxc3 25. Rc1
Rfc8 26. Kf2 Nxe2 27. Nxe2 Bxc4 28. Rhd1 $11) 24... Qf6 (24... Bxb5 25. cxb5
Qxb4 26. axb4 Nc3 27. Rd3 Rfc8 28. Kf2 Nxb5 29. Ra1 $14) 25. Rd4 (25. Bd3 Rfd8
26. a4 Bb7 $15) 25... Rfc8 26. a4 (26. Rxe4 Bxb5 27. Kf2 Bc6 28. Rf4 Rxb4 29.
Rxf6 Rb3 30. Rf4 Rxa3 31. Rd4 $15) 26... Nc5 27. Kf2 (27. Qe1 Nxa4 28. Nxa7 e5
29. Rg4 (29. Nxc8 exd4 $17) 29... Rd8 $17) 27... e5 28. Rd5 Ne4+ (28... Qe7 29.
Qa5 Bb7 (29... Bxb5 30. axb5 Rd8 31. Rhd1 $16) 30. Nxa7 $16) 29. Kg1 Bb7 $5 {
Black has to play very creatively in order to get enough for his pawn, the
unbalanced position is still about equal.} 30. Rd1 (30. fxe4 a6 31. c5 (31. Rd1
axb5 32. axb5 Qg5 33. Qe1 Qxe3+ 34. Qf2 Qxe4 35. c5 $14) 31... Bxd5 32. exd5
axb5 33. axb5 Qe7 34. d6 Qa7 35. Kf2 Rxc5 36. Ra1 Qxa1 37. Qxc5 $13) 30... Nc5
31. Qa3 (31. Qa5 Qg5 32. Kf2 Qh4+ (32... a6 33. Nd6 e4 34. Nxb7 Rxb7 35. Rd5
Qe7 36. Rhd1 $14) 33. g3 (33. Kf1 e4 34. Nxa7 exf3 35. gxf3 Qh3+ 36. Kf2 Qh4+
$11) 33... Qf6 34. Nxa7 Bxf3 $13) 31... e4 32. f4 (32. Nxa7 exf3 33. Bxf3 Bxf3
34. Rf1 Rb2 $19) 32... Nd3 $5 {Van den Doel was ready to sacrifice the pawn
from the beginning and he just varies the theme. White still has to be alert
as his rook on h1 is out of play.} (32... a6 33. Nd6 Rc6 34. Nxb7 Nxb7 $11) 33.
Nd6 (33. Bxd3 exd3 34. Qxd3 Bc6 35. Qd6 Qb2 36. Qd2 Qf6 37. Nxa7 Rd8 38. Qc2
Rxd1+ 39. Qxd1 Qe7 40. Nxc6 Qxe3+ 41. Kf1 Qxf4+ 42. Kg1 Qe3+ $11) 33... Rd8 34.
c5 $2 (34. Nxb7 $1 Rxb7 35. h3 Rbd7 36. Bxd3 exd3 37. Qc5 h6 38. Kh2 $13) 34...
Bc6 35. Bxd3 exd3 36. Qxd3 Rb2 {Black could have not been hoping for more,
white is in deep trouble.} 37. Ne4 (37. e4 Qg6 38. Rd2 Bxe4 $1 39. Qxe4 (39.
Qe3 Rb1+ $19) 39... Rxd2 40. Qxg6 hxg6 $17) 37... Rxd3 38. Nxf6+ gxf6 39. Rxd3
Rb1+ 40. Kf2 Rxh1 {Loeffeler can claim no compensation for the missing piece.}
41. Rd6 Be4 42. h3 (42. c6 Rc1 $19) 42... Rh2 43. Rd4 (43. c6 Rxg2+ 44. Kf1 Rc2
$19) 43... Rxg2+ 44. Kf1 Bf3 45. Rd7 a6 46. Ra7 Ra2 47. c6 (47. Rxa6 $2 Be2+
$19) 47... Bxc6 48. Rxa6 Bxa4 49. Rxf6 Rh2 50. Rh6 Bd7 51. Rd6 Bxh3+ 52. Kg1
Rg2+ 0-1